Ako si zlepšiť pamäť

Bibliographic Details
Main Authors: Fiorino, Marie-Christelle (Author), Trochan, Emil (Author)
Other Authors: Činovská, Marta (Translator)
Format: Book
Language:Slovak
French
PhysicalDescription:352 s. fareb. ilustr., mp., sch., tab. 28 cm 1 priehľadná fólia
Published: Bratislava Reader's Digest Výber 2007
ISBN:9788088983859 (viaz.)
Edition:1. vyd.
Subjects:

MARC

LEADER 00000nam a2200000 a 4500
001 vtls009184337
003 SK-MaSNL
005 20260301095422.0
008 151112s2007 xo abl g 001 0 slo
015 |a SNBA2008/08-03397 
020 |a 9788088983859 (viaz.) 
035 |a A7BCB74C-74C3-45B5-AAC1-66F918BC41C2 
035 |a urn:nbn:sk:snk-amjvgd 
035 |a urn:nbn:sk:snk-am00845n 
040 |a SNK  |b slo  |c SNK  |e AACR2 
041 1 |a slo  |h fre 
044 |a xo  |c SK 
072 7 |a 159.95  |x Vyššie duševné procesy  |2 konspekt 
080 |a 159.923.5  |2 2001 
080 |a 159.953  |2 2001 
080 |a (0.062)  |2 2001 
080 |a (035)  |2 2001 
130 3 |a Le grand livre de la mémoire  |l Slovensky  |9 430743 
245 0 0 |a Ako si zlepšiť pamäť  |c [autori textu: Marie-Christelle Fiorino ... [et al.] ; autor slovenských krížoviek a hier: Emil Trochan ; z francúzskeho origu nálu preložila Marta Činovská] 
250 |a 1. vyd. 
260 |a Bratislava  |b Reader's Digest Výber  |c 2007 
300 |a 352 s.  |b fareb. ilustr., mp., sch., tab.  |c 28 cm  |e 1 priehľadná fólia 
504 |a Reg. 
650 0 7 |a rozvoj osobnosti  |2 SNKPH  |9 63298 
650 0 7 |a pamäť  |2 SNKPH  |9 2559 
655 7 |a populárno-náučné publikácie  |2 SNKPH  |9 70460 
655 7 |a príručky  |2 SNKPH  |9 74364 
700 1 |a Fiorino, Marie-Christelle  |4 aut  |9 430744 
700 1 |a Trochan, Emil  |4 aut  |9 275509 
700 1 |a Činovská, Marta  |4 trl  |9 7868 
919 |a 978-80-88983-85-9 
958 |a OND 
958 |a 0P 
968 |b FR  |d 1 
999 |c 683054  |d 684984 
952 |a SNK  |b SNK  |y PREZ  |7 0  |p 17A0580098  |o snkSB 75712  |i snk2008/3799  |8 0  |0 0  |1 0  |4 0  |d 2008-02-14  |f 1  |l 0  |r 2025-04-28 00:00:00  |w 2026-02-23 
952 |a SNK  |b SNK  |y VYP  |7 0  |p 17A0580097  |o snkSB 75712 D1  |i snk2008/3800  |8 0  |0 0  |1 0  |4 0  |d 2008-02-14  |l 0  |r 2016-06-30 00:00:00  |w 2026-02-23